[Event "50th World Junior Championship"]
[Site "Chennai IND"]
[Date "2011.08.10"]
[Round "8"]
[White "Girish, A Koushik"]
[Black "Grandelius, Nils"]
[Result "1-0"]
[WhiteElo "2309"]
[BlackElo "2542"]
[Annotator "Müller,Karsten"]
[PlyCount "71"]
[EventDate "2011.??.??"]
[Source "Chess Today"]
[SourceDate "2011.08.10"]

1. d4 Nf6 2. Nf3 g6 3. c4 Bg7 4. Nc3 d5 5. Qb3 dxc4 6. Qxc4 O-O 7. e4 a6 8. e5
b5 9. Qb3 Nfd7 10. h4 c5 11. e6 c4 12. Qd1 Nb6 13. exf7+ Rxf7 14. h5 Nc6 15.
hxg6 hxg6 16. Be3 Bf5 17. Ng5 Nxd4 18. Nxf7 Kxf7 19. Bxd4 Qxd4 20. Qxd4 Bxd4
21. a3 a5 22. Rh7+ Kf6 23. Rd1 Be5 24. g3 b4 25. f4 Bxc3+ 26. bxc3 b3 27. Bh3
Bxh3 28. Rxh3 Kf5 29. Rh7 Ra7 30. Kf2 Na4 31. Kf3 Nxc3 {[#]Mating Attack out
of the Blue  Even in the endgame a direct attack can occur:} 32. Re1 $1 {[%cal
Gh7f7] Weaves a mating net. Black can neither escape nor bring in defenders.}
g5 (32... Kf6 33. g4 g5 (33... Rd7 34. g5+ Kf5 35. Re5#) (33... e5 34. Rxa7 e4+
35. Ke3 $18) 34. f5 e5 35. Rxa7 e4+ 36. Rxe4 Nxe4 37. Kxe4 c3 38. Kd3 $18) 33.
g4+ Kg6 (33... Kf6 34. f5 $18 {[%cal Ge1e6]}) 34. Reh1 {[%cal Gh1h6]} gxf4 35.
R1h6+ Kg5 36. Re6 {[%cal Gh7h5]} 1-0